Score 0/50 Timer 07:00
5 Plays Today
Hint Answer % Correct
Flag ColorBlue
97.4%
Flag ColorWhite
97.2%
Flag ColorYellow
94%
Bordering CountryBrazil
92.5%
Capital CityBuenos Aires
92.2%
Largest ProvinceBuenos Aires
92.2%
Bordering CountryChile
92.1%
Internet Country Code.ar
90.4%
Bordering CountryUruguay
89.8%
ContinentSouth America
89.7%
Bordering CountryParaguay
89.5%
Official LanguageSpanish
86.7%
Bordering OceanAtlantic Ocean
86.3%
Bordering CountryBolivia
85.7%
Drives on the...Right
85.5%
Age of Suffrage16 optional, 18 obligatory
82.9%
Independence FromSpain
82.3%
CurrencyArgentine peso
77.7%
Symbol on FlagSun of May
77.4%
Largest Religious DenominationRoman Catholic
77.3%
Which Was Fought AgainstUnited Kingdom
69%
Longest Mountain RangeAndes
68.3%
Object of 1982 WarFalkland Islands
67.6%
Number of Provinces23
62.8%
Most Well Known Dance and MusicTango
57.6%
Hint Answer % Correct
Musical That Follows Famous PoliticianEvita
56.3%
World Cup Host Year1978
46.5%
Official NameArgentine Republic
41%
Smallest ProvinceTucumán
39.4%
Second Largest CityCórdoba
39.1%
Mostly Semiarid Plateau in the SouthPatagonia
38%
Waterfall Bordering Brazil and ArgentinaIguazu Falls
34.8%
Island Shared with ChileIsla Grande de Tierra del Fuego
34.7%
Third Largest CityRosario
33.7%
PresidentMauricio Macri
33.4%
Fertile Lowlands in the EastPampas
33.1%
Highest Point (6,961 m)Aconcagua
29.7%
Congressional Upper HouseSenate
29.5%
Revolution DayMay 25, 1810
24.1%
Declaration of IndependenceJuly 9, 1816
22.6%
'Southernmost City in the World'Ushuaia
22.5%
Longest RiverParaná River
21.7%
Vice PresidentGabriela Michetti
20.6%
Official National SportPato
16.4%
National MottoIn Unity and Freedom
15%
Congressional Lower HouseChamber of Deputies
11.5%
National FlowerCeibo
10.9%
National BirdRufous Hornero
9.6%
Lowest Point (-105 m)Laguna del Carbon
8.4%
Oldest Institution of Higher LearningNational University of Córdoba
7.4%

You're not logged in!

Compare scores with friends on all Sporcle quizzes.
OR
Log In

Sporcle TV

Today on Sporcle TV


Watch our educational content, quiz creation guides, and fun videos on Sporcle TV.

Show Comments

Extras

Top Quizzes Today


Score Distribution

Your Account Isn't Verified!

In order to create a playlist on Sporcle, you need to verify the email address you used during registration. Go to your Sporcle Settings to finish the process.

Report this User

Report this user for behavior that violates our Community Guidelines.

Details: